000 00616nam a2200241Ia 4500
003 0100
008 130303s9999 xx 000 0 und d
040 _cARRUPELIB
050 _aBC71.J38 1981
100 _aJeffrey, Richard
245 _aFormal logic
245 _bits scope and limits
260 _aNew York
260 _bMcGraw-Hill Co.
260 _C1981
300 _a198p.
300 _b 22cm
650 _aLOGIC
650 _bEthics -- Addresses, essays, lectures
650 _cEvolution -- Addresses, essays, lectures
650 _dSociobiology -- Addresses, essays, lectures
942 0 0 _01
999 _c25640
_d25640